[Event "Eschborn op 11th"]
[Site "Eschborn"]
[Date "2014.09.06"]
[Round "2"]
[White "Kunkel, Heinrich"]
[Black "Haller, Andreas"]
[Result "1-0"]
[WhiteElo "1187"]
[BlackElo "820"]
[PlyCount "95"]
[EventDate "2014.09.05"]
[EventType "swiss"]
[EventRounds "5"]
[EventCountry "GER"]
[SourceTitle "EXT 2015"]
[Source "ChessBase"]
[SourceDate "2014.11.20"]
[SourceVersion "1"]
[SourceVersionDate "2014.11.20"]
[SourceQuality "1"]

1. Nf3 Nc6 2. d4 d5 3. e3 Bf5 4. Bd3 Bxd3 5. Qxd3 e6 6. b3 Nf6 7. h3 a6 8. 0-0 Bd6 9. Ba3 0-0 10. Bxd6 Qxd6 11. Nbd2 g6 12. c4 Rad8 13. c5 Qe7 14. Qb1 b6 15. Rc1 Rb8 16. Rc3 a5 17. Qc1 Nb4 18. Ne5 Nh5 19. a3 Na6 20. Nc6 Qg5 21. Nxb8 Rxb8 22. cxb6 Rxb6 23. Rc6 Rxc6 24. Qxc6 Nb8 25. Qxc7 Na6 26. Qc8+ Kg7 27. Qxa6 f5 28. Qxe6 f4 29. Nf3 Qf6 30. Qxf6+ Kxf6 31. Re1 Ke6 32. exf4+ Kd6 33. g3 Kc6 34. Re6+ Kb5 35. Re5 Nf6 36. f5 Kc6 37. Re6+ Kd7 38. Rxf6 gxf5 39. Ne5+ Ke7 40. Rh6 Ke8 41. Rxh7 Kf8 42. Rf7+ Ke8 43. h4 f4 44. h5 fxg3 45. h6 gxf2+ 46. Kxf2 a4 47. h7 axb3 48. h8Q# 1-0

[Event "Eschborn op 09th"]
[Site "Eschborn"]
[Date "2012.06.03"]
[Round "4"]
[White "Fischer, Bastian"]
[Black "Kunkel, Heinrich"]
[Result "0-1"]
[WhiteElo "1619"]
[BlackElo "1191"]
[PlyCount "66"]
[EventDate "2012.06.01"]
[EventType "swiss"]
[EventRounds "5"]
[EventCountry "GER"]
[SourceTitle "EXT 2014"]
[Source "ChessBase"]
[SourceDate "2013.11.20"]
[SourceVersion "1"]
[SourceVersionDate "2013.11.20"]
[SourceQuality "1"]

1. e4 e5 2. f4 d6 3. Nf3 exf4 4. Bc4 Be7 5. d4 Nf6 6. Nc3 Bg4 7. Bxf4 c6 8. Qe2 Nbd7 9. 0-0-0 Nb6 10. Bb3 0-0 11. h3 Bh5 12. g4 Bg6 13. Nh4 d5 14. Nxg6 hxg6 15. e5 Nh7 16. Qe3 Ng5 17. Kb1 Ne6 18. Bg3 Bh4 19. Ne2 Bg5 20. Qf2 Nc4 21. Bxc4 dxc4 22. h4 Be7 23. g5 Qb6 24. Kc1 Rad8 25. c3 Rd5 26. Nf4 Ra5 27. a3 Bxa3 28. bxa3 Rxa3 29. Qb2 Qa6 30. Qb4 Rb3 31. Qxb3 cxb3 32. Kb2 Qa2+ 33. Kc1 Qc2# 0-1

[Event "Eschborn op 09th"]
[Site "Eschborn"]
[Date "2012.06.02"]
[Round "2"]
[White "Kunkel, Heinrich"]
[Black "Fischer, Lutz"]
[Result "0-1"]
[WhiteElo "1191"]
[BlackElo "1532"]
[PlyCount "71"]
[EventDate "2012.06.01"]
[EventType "swiss"]
[EventRounds "5"]
[EventCountry "GER"]
[SourceTitle "EXT 2014"]
[Source "ChessBase"]
[SourceDate "2013.11.20"]
[SourceVersion "1"]
[SourceVersionDate "2013.11.20"]
[SourceQuality "1"]

1. Nf3 Nf6 2. d4 d5 3. Bf4 e6 4. e3 c5 5. b3 Ne4 6. Bd3 Qa5+ 7. Nbd2 Nc3 8. Qc1 c4 9. bxc4 Ba3 10. Nb3 Qb4 11. Qd2 dxc4 12. 0-0 cxd3 13. Qxd3 Bd7 14. Rfe1 Bb5 15. Qd2 Nd7 16. e4 0-0 17. Re3 Na4 18. c3 Qe7 19. Bc7 b6 20. d5 Bd6 21. Nfd4 Bxc7 22. Nxb5 Be5 23. d6 Qf6 24. Rc1 Bf4 25. Rf1 Bxe3 26. fxe3 Qe5 27. Rf4 Nac5 28. Nxc5 Nxc5 29. Nc7 Rad8 30. Nb5 a6 31. Nd4 Nxe4 32. Qc2 Nxd6 33. Rf3 Nf5 34. Nc6 Nxe3 35. Qb2 Rd1+ 36. Kf2 0-1

[Event "Forchheim op 10th"]
[Site "Forchheim"]
[Date "2011.10.09"]
[Round "4"]
[White "Kunkel, Heinrich"]
[Black "Hock, Anna Maria"]
[Result "1/2-1/2"]
[WhiteElo "1209"]
[BlackElo "1412"]
[PlyCount "60"]
[EventDate "2011.10.07"]
[EventType "swiss"]
[EventRounds "5"]
[EventCountry "GER"]
[SourceTitle "CBM 144 Extra"]
[Source "ChessBase"]
[SourceDate "2011.10.28"]
[SourceVersion "1"]
[SourceVersionDate "2011.10.28"]
[SourceQuality "1"]

1. Nf3 Nf6 2. d4 g6 3. Bf4 Bg7 4. e3 d6 5. h3 0-0 6. Bd3 Nbd7 7. Nbd2 Nh5 8. Bh2 e5 9. c3 f5 10. dxe5 dxe5 11. Bc4+ Kh8 12. 0-0 f4 13. e4 Nb6 14. Qb3 Nxc4 15. Qxc4 Qe7 16. Rfd1 Rd8 17. Nb3 Be6 18. Qe2 Rd6 19. Rd2 Rxd2 20. Nfxd2 Nf6 21. f3 Ne8 22. Kf1 Nd6 23. Bg1 b6 24. Rd1 Kg8 25. c4 Qf7 26. Rc1 Bf6 27. Bf2 Rd8 28. c5 Nb7 29. cxb6 cxb6 30. Be1 Qe7 1/2-1/2